Spoločensky zodpovedný marketing v kontexte výziev pre kvalitu života

Počas posledného desaťročia dochádza na celom svete k rozvoju podnikateľskej etiky. Etická a ekonomická sféra prestávajú byť dve samostatné oblasti spoločenského života a do popredia sa dostáva prístup, ktorý zdôrazňuje prepojenosť ekonomiky so sociálno-etickými problémami. Vznikajú nové marketingov...

Descrizione completa

Salvato in:
Dettagli Bibliografici
Autore principale: Velichová, Ľudmila
Natura: Capitolo di libro
Lingua:slovacco
Soggetti:
Tags: Aggiungi Tag
Nessun Tag, puoi essere il primo ad aggiungerne!!

MARC

LEADER 00000nla$a2200000$$$4500
001 0100983
005 20240502072114.1
041 0 |a slo 
044 |a SK 
245 1 0 |a Spoločensky zodpovedný marketing v kontexte výziev pre kvalitu života  |c Ľudmila Velichová 
520 |a Počas posledného desaťročia dochádza na celom svete k rozvoju podnikateľskej etiky. Etická a ekonomická sféra prestávajú byť dve samostatné oblasti spoločenského života a do popredia sa dostáva prístup, ktorý zdôrazňuje prepojenosť ekonomiky so sociálno-etickými problémami. Vznikajú nové marketingové prístupy, ako spotrebiteľský marketing, hodnotový marketing a spoločensky zodpovedný marketing. 
610 2 0 |a podnik 
610 2 0 |a marketing 
610 2 0 |a kritika 
610 2 0 |a zodpovednosť spoločenská 
610 2 0 |a etika 
610 2 0 |a etika environmentálna 
610 2 0 |a kvalita života 
100 1 |a Velichová, Ľudmila